000 00769nam a2200265Ia 4500
003 OSt
005 20220918164343.0
006 a|||||r|||| 00| 0
007 ta
008 220917b |||||||| |||| 00| 0 eng d
020 _a0521638798
024 _a10,963
037 _cTextual
040 _aARTS
_cARTS
_beng
041 _2eng
_aeng
082 _aR3xM89:g, N8
100 _aOlafson Frederick A.
_918531
245 0 _aHeidegger and the ground of ethics
_b A study of Mitsein
260 _aMitsein
_bCambridge Univ Press
_c1998
300 _aix, 108p.
_ccm.
490 _aModern Europian Philosophy
650 _aPHILOSOPHERS; HEIDEGGER MARTIN
_918532
942 _hR3xM89:g, N8
_cTEXL
_2CC
999 _c124427
_d124427